00305nam a2200145Ia 45000030006000000080041000060400015000471000019000622450021000812500006001022600014001083000006001225460014001280050017001420STCL150530s9999 xx 000 0 und d aSTCLcSTCL aPanikkar, K.M. aParankippadayali a2 c1969aTVM a0 aMalayalam20220125171536.0